| 000 | 00440cam a2200169ua 4500 | ||
|---|---|---|---|
| 020 | _c1.00 | ||
| 041 |
_amal _h |
||
| 082 |
_a894.812 803 55 _bVIS/KA |
||
| 100 | _aViswambaran, Kilimanoor . | ||
| 245 |
_aKathakal niranja Yamuna / _cKilimanoor Viswambaran. _hTextual Documents |
||
| 260 |
_aKonni : _bVenus Press & Book Depot, , _c1960. |
||
| 300 | _a88 ; . | ||
| 365 | _a1.00 | ||
| 504 | _a | ||
| 942 | _cBK | ||
| 999 |
_c4737 _d4737 |
||